000 00563nam a22001937a 4500
003 NUST - PNEC
005 20170116180800.0
008 150413b xxu||||| |||| 00| 0 eng d
020 _a0435775413
040 _cLIBRARY
082 _a005.1 GUL
100 _92439
_aGuttmann, Anthony J.
245 _aProgramming and algorithms : an introduction
_cAnthony J. Guttmann
250 _a-
260 _aLondon
_bHeinemann Educational Books
_cc1977.
300 _a214 p. :
_c21 cm.
650 _916626
_aComputer Programming
_xMIS. Computer Science
942 _2ddc
_cBK
999 _c62920
_d62920